[Event "GRE-chT 43rd"]
[Site "Porto Rio"]
[Date "2015.10.11"]
[Round "6.14"]
[White "Liaskos, Leonidas"]
[Black "Koukoufikis, Alexandros"]
[Result "1/2-1/2"]
[WhiteElo "2105"]
[BlackElo "2227"]
[PlyCount "113"]
[EventDate "2015.10.08"]
[EventType "team-swiss"]
[EventRounds "7"]
[EventCountry "GRE"]
[SourceTitle "CBM 168 Extra"]
[Source "ChessBase"]
[SourceDate "2015.10.29"]
[SourceVersion "1"]
[SourceVersionDate "2015.10.29"]
[SourceQuality "1"]
[WhiteTeam "Aigaleo"]
[BlackTeam "Ikarias Tzelepis"]
[WhiteTeamCountry "GRE"]
[BlackTeamCountry "GRE"]

1. e4 g6 2. d4 Bg7 3. c3 c6 4. Nf3 d5 5. e5 Bg4 6. h3 Bxf3 7. Qxf3 f6 8. exf6 Nxf6 9. Bd3 0-0 10. Qe2 Nbd7 11. 0-0 Nh5 12. Bg5 Nf4 13. Bxf4 Rxf4 14. Qe6+ Rf7 15. Nd2 Nf8 16. Qe2 Qd6 17. Nf3 Ne6 18. Rae1 Nf4 19. Qd1 Raf8 20. Ne5 Bxe5 21. Rxe5 c5 22. Be2 c4 23. Qd2 Rf5 24. Rxf5 Rxf5 25. Bg4 Rf6 26. g3 h5 27. gxf4 hxg4 28. hxg4 Qxf4 29. Qxf4 Rxf4 30. f3 Rf6 31. Re1 Kf7 32. Kf2 Ra6 33. a3 b5 34. Re5 e6 35. Kg3 Rb6 36. Kf4 a5 37. Re3 Rb8 38. Ke5 Ke7 39. Re2 Rh8 40. Kf4 Rh3 41. Kg5 Rxf3 42. Kxg6 b4 43. axb4 axb4 44. cxb4 Rf4 45. g5 Rxd4 46. Kg7 Rd3 47. g6 Rb3 48. Kh7 Rh3+ 49. Kg8 d4 50. g7 d3 51. Rf2 e5 52. b5 Kd7 53. Rg2 Ke8 54. b6 Rh6 55. b7 Rb6 56. Rg5 Rxb7 57. Rxe5+ 1/2-1/2

[Event "Aegean op 38th"]
[Site "Aghios Kirykos"]
[Date "2015.07.17"]
[Round "8"]
[White "Koukoufikis, Alexandros"]
[Black "Stankovic, Milos"]
[Result "0-1"]
[WhiteElo "2216"]
[BlackElo "2428"]
[PlyCount "78"]
[EventDate "2015.07.11"]
[EventType "swiss"]
[EventRounds "9"]
[EventCountry "GRE"]
[SourceTitle "CBM 167 Extra"]
[Source "ChessBase"]
[SourceDate "2015.09.14"]
[SourceVersion "1"]
[SourceVersionDate "2015.09.14"]
[SourceQuality "1"]

1. e4 c5 2. Nc3 d6 3. g3 Nc6 4. Bg2 g6 5. d3 Bg7 6. Be3 Nf6 7. h3 0-0 8. Qd2 Nd4 9. Nce2 e5 10. c3 Ne6 11. f4 exf4 12. Nxf4 Re8 13. Nge2 Nxf4 14. Nxf4 d5 15. exd5 Qe7 16. Kf2 g5 17. Ne2 g4 18. h4 Bf5 19. Rae1 c4 20. dxc4 Ne4+ 21. Bxe4 Qxe4 22. Bf4 Qxc4 23. Nd4 Qxd5 24. Nxf5 Qxf5 25. Rxe8+ Rxe8 26. Re1 Rxe1 27. Qxe1 Bf6 28. Qd2 Kg7 29. a3 a5 30. Kg1 a4 31. Bh6+ Kg8 32. Qe2 Be5 33. Kg2 Qe6 34. Qd2 f5 35. Qd8+ Kf7 36. h5 Bd6 37. Qg5 Qe2+ 38. Kh1 Qf3+ 39. Kg1 Bc5+ 0-1

[Event "Aegean op 37th"]
[Site "Aghios Kirykos"]
[Date "2014.07.15"]
[Round "5"]
[White "Koukoufikis, Alexandros"]
[Black "Gazis, Efstathios"]
[Result "0-1"]
[WhiteElo "2266"]
[BlackElo "2214"]
[PlyCount "90"]
[EventDate "2014.07.12"]
[EventType "swiss"]
[EventRounds "9"]
[EventCountry "GRE"]
[SourceTitle "CBM 161 Extra"]
[Source "ChessBase"]
[SourceDate "2014.08.29"]
[SourceVersion "1"]
[SourceVersionDate "2014.08.29"]
[SourceQuality "1"]

1. d4 e6 2. Nf3 Nf6 3. c4 b6 4. g3 Bb7 5. Bg2 Bb4+ 6. Bd2 Qe7 7. 0-0 Bxd2 8. Nbxd2 c5 9. Qc2 cxd4 10. Nxd4 Bxg2 11. Kxg2 0-0 12. e4 d6 13. Rfd1 Rc8 14. Qd3 a6 15. h3 Nbd7 16. Qe2 Nc5 17. Rac1 Qb7 18. f3 Rab8 19. Nb1 h5 20. Nc3 Ncd7 21. b3 Rd8 22. Rd2 Rbc8 23. Rcd1 Qb8 24. Qe3 Nf8 25. a4 h4 26. gxh4 Ng6 27. Kh1 d5 28. Rg1 dxc4 29. Nce2 Rc5 30. b4 Rcc8 31. Rxg6 fxg6 32. Nxe6 Rxd2 33. Qxd2 Qe5 34. Ng5 Qe7 35. Nf4 Qd7 36. Qc2 Nh7 37. Nxh7 Kxh7 38. Kg2 Qe7 39. Nd5 Qd6 40. h5 gxh5 41. e5+ Qg6+ 42. Qxg6+ Kxg6 43. Ne7+ Kf7 44. Nxc8 c3 45. Nxb6 c2 0-1

[Event "Aegean op 37th"]
[Site "Aghios Kirykos"]
[Date "2014.07.14"]
[Round "3"]
[White "Koukoufikis, Alexandros"]
[Black "Finokaliotis, Georgios"]
[Result "1-0"]
[WhiteElo "2266"]
[BlackElo "2059"]
[PlyCount "45"]
[EventDate "2014.07.12"]
[EventType "swiss"]
[EventRounds "9"]
[EventCountry "GRE"]
[SourceTitle "CBM 161 Extra"]
[Source "ChessBase"]
[SourceDate "2014.08.29"]
[SourceVersion "1"]
[SourceVersionDate "2014.08.29"]
[SourceQuality "1"]

1. c4 f5 2. Nc3 Nf6 3. g3 e5 4. Bg2 Bc5 5. e3 0-0 6. Nge2 d6 7. d4 Bb4 8. 0-0 Bxc3 9. Nxc3 e4 10. f3 exf3 11. Bxf3 c6 12. d5 c5 13. e4 fxe4 14. Nxe4 Nxe4 15. Bxe4 Rxf1+ 16. Qxf1 Nd7 17. Bf4 Qf6 18. Qf2 Ne5 19. Bxe5 Qxe5 20. Rf1 Qe7 21. Re1 Qg5 22. h4 Qg4 23. Rf1 1-0

[Event "GRE-chT 40th"]
[Site "Achaia"]
[Date "2012.06.30"]
[Round "1.9"]
[White "Argiroudis, Stamatis"]
[Black "Koukoufikis, Alexandros"]
[Result "1-0"]
[WhiteElo "2294"]
[BlackElo "2236"]
[PlyCount "65"]
[EventDate "2012.06.30"]
[EventType "team-swiss"]
[EventRounds "7"]
[EventCountry "GRE"]
[SourceTitle "CBM 149 Extra"]
[Source "ChessBase"]
[SourceDate "2012.08.24"]
[SourceVersion "1"]
[SourceVersionDate "2012.08.24"]
[SourceQuality "1"]
[WhiteTeam "Triandrias"]
[BlackTeam "Tzelepis Ikaria"]
[WhiteTeamCountry "GRE"]
[BlackTeamCountry "GRE"]

1. d4 d6 2. Nf3 g6 3. c4 Bg7 4. Nc3 Nf6 5. Bg5 0-0 6. e3 c6 7. Qc2 Nbd7 8. Rd1 Qe8 9. Be2 a6 10. 0-0 h6 11. Bh4 e5 12. dxe5 dxe5 13. Nd2 Qe6 14. b4 g5 15. Bg3 Ne8 16. c5 b5 17. cxb6 Nxb6 18. Nb3 f5 19. f3 Qf6 20. e4 f4 21. Bf2 Rb8 22. Nc5 h5 23. Qb3+ Kh8 24. Bxa6 Nc7 25. Bxc8 Rfxc8 26. a4 Bf8 27. a5 Bxc5 28. Bxc5 Nba8 29. Rd6 Qg7 30. Rfd1 Na6 31. Qe6 Re8 32. Qh3 h4 33. Rd7 1-0

[Event "Aegean op 34th"]
[Site "Aghios Kirykos"]
[Date "2011.07.15"]
[Round "8"]
[White "Finokaliotis, Georgios"]
[Black "Koukoufikis, Alexandros"]
[Result "1/2-1/2"]
[WhiteElo "1983"]
[BlackElo "2258"]
[PlyCount "100"]
[EventDate "2011.07.09"]
[EventType "swiss"]
[EventRounds "9"]
[EventCountry "GRE"]
[SourceTitle "CBM 143 Extra"]
[Source "ChessBase"]
[SourceDate "2011.08.29"]
[SourceVersion "1"]
[SourceVersionDate "2011.08.29"]
[SourceQuality "1"]

1. d4 g6 2. Nf3 Bg7 3. c4 d6 4. g3 c6 5. Bg2 Nf6 6. Nc3 0-0 7. 0-0 Bg4 8. e4 Nbd7 9. Be3 e5 10. d5 c5 11. Qd2 Nb6 12. b3 Qd7 13. Bh6 Ne8 14. Ne1 Nc8 15. f3 Bh3 16. Nd3 Bxg2 17. Kxg2 f5 18. Bxg7 Nxg7 19. f4 exf4 20. Qxf4 Nh5 21. Qd2 Ne7 22. e5 a6 23. Rae1 b5 24. exd6 Qxd6 25. Re6 Qd8 26. Rfe1 Nc8 27. Qh6 Ng7 28. Nxc5 bxc4 29. bxc4 Ra7 30. Rc6 Qa5 31. Re3 f4 32. Rf3 Ne7 33. Ne6 Nxe6 34. Rxe6 Nf5 35. Qxf4 Raf7 36. Ne4 Qxa2+ 37. Rf2 Qb3 38. Ng5 Nh4+ 39. Qxh4 Rxf2+ 40. Kh3 Qb7 41. Ne4 Qb2 42. Nxf2 Qxf2 43. Qe4 Rf5 44. Re8+ Kg7 45. Qe7+ Rf7 46. Qe5+ Rf6 47. Re7+ Kg8 48. Re8+ Kg7 49. Qe7+ Rf7 50. Qe5+ Rf6 1/2-1/2

[Event "GRE-chT 39th"]
[Site "Eretria"]
[Date "2011.07.04"]
[Round "3.13"]
[White "Doumas, Georgios"]
[Black "Koukoufikis, Alexandros"]
[Result "0-1"]
[WhiteElo "2014"]
[BlackElo "2258"]
[PlyCount "76"]
[EventDate "2011.07.03"]
[EventType "team-swiss"]
[EventRounds "7"]
[EventCountry "GRE"]
[SourceTitle "CBM 143 Extra"]
[Source "ChessBase"]
[SourceDate "2011.08.29"]
[SourceVersion "1"]
[SourceVersionDate "2011.08.29"]
[SourceQuality "1"]
[WhiteTeam "Kalamata Chess Union"]
[BlackTeam "Tzelepis Ikaria"]
[WhiteTeamCountry "GRE"]
[BlackTeamCountry "GRE"]

1. e4 g6 2. d4 Bg7 3. f4 d6 4. Nc3 c6 5. Be3 Qb6 6. Bc4 Qxb2 7. Nge2 Qb6 8. 0-0 Qc7 9. a4 e6 10. Qd2 d5 11. Bd3 Nf6 12. f5 dxe4 13. Nxe4 Nxe4 14. Bxe4 exf5 15. Bd3 0-0 16. Rab1 Nd7 17. Bf4 Qd8 18. Bh6 Nf6 19. Bxg7 Kxg7 20. c4 Re8 21. Nc3 Qxd4+ 22. Kh1 Re3 23. Rbd1 Be6 24. Ne2 Qxd3 25. Qxd3 Rxd3 26. Rxd3 Bxc4 27. Rd2 Re8 28. Re1 Ne4 29. Rb2 Nc3 30. Rxb7 Nxe2 31. Rd1 a5 32. h3 Bd5 33. Kh2 Nc3 34. Rd2 Re4 35. Rc2 Nxa4 36. Ra7 Rb4 37. Rxa5 Rb2 38. Rxb2 Nxb2 0-1

[Event "GRE-ch 60th"]
[Site "Vrachati"]
[Date "2010.12.03"]
[Round "8"]
[White "Mastrovasilis, Dimitrios"]
[Black "Koukoufikis, Alexandros"]
[Result "1-0"]
[WhiteElo "2580"]
[BlackElo "2278"]
[PlyCount "81"]
[EventDate "2010.11.26"]
[EventType "tourn"]
[EventRounds "9"]
[EventCountry "GRE"]
[EventCategory "7"]
[SourceTitle "CBM 139 Extra"]
[Source "ChessBase"]
[SourceDate "2011.01.05"]
[SourceVersion "1"]
[SourceVersionDate "2011.01.05"]
[SourceQuality "1"]

1. e4 g6 2. d4 Bg7 3. Nf3 d6 4. Bc4 c6 5. Nbd2 d5 6. Bd3 dxe4 7. Nxe4 Nf6 8. Nxf6+ exf6 9. 0-0 0-0 10. h3 Re8 11. c4 Na6 12. Be3 f5 13. Qd2 Bd7 14. Rad1 Nc7 15. Rfe1 Bf8 16. Bf1 a5 17. a3 Qc8 18. Rc1 f6 19. h4 b6 20. g3 Ne6 21. Bh6 Ng7 22. b4 axb4 23. axb4 Ra4 24. c5 Be6 25. Qc3 b5 26. Ra1 Rxa1 27. Rxa1 Bd5 28. Bg2 Nh5 29. Bxf8 Rxf8 30. Nd2 Qd7 31. Bxd5+ Qxd5 32. Qb3 Rd8 33. Ra6 Kf8 34. Qxd5 Rxd5 35. Nb3 f4 36. g4 Ng7 37. Rxc6 Kf7 38. Rc7+ Kf8 39. c6 Rd8 40. d5 Ne8 41. Rd7 1-0

[Event "GRE-ch 60th"]
[Site "Vrachati"]
[Date "2010.12.01"]
[Round "6"]
[White "Nikolaidis, Ioannis"]
[Black "Koukoufikis, Alexandros"]
[Result "1-0"]
[WhiteElo "2552"]
[BlackElo "2278"]
[PlyCount "71"]
[EventDate "2010.11.26"]
[EventType "tourn"]
[EventRounds "9"]
[EventCountry "GRE"]
[EventCategory "7"]
[SourceTitle "CBM 139 Extra"]
[Source "ChessBase"]
[SourceDate "2011.01.05"]
[SourceVersion "1"]
[SourceVersionDate "2011.01.05"]
[SourceQuality "1"]

1. d4 d6 2. c4 g6 3. Nc3 Bg7 4. e4 Nf6 5. Bg5 h6 6. Be3 c5 7. d5 Na6 8. h3 Rb8 9. Nf3 0-0 10. Bd3 Bd7 11. 0-0 Ne8 12. Qd2 Kh7 13. Nh2 Qc8 14. f4 f5 15. e5 e6 16. Nf3 b6 17. Kh1 Nac7 18. a4 a6 19. Qf2 Qd8 20. Rad1 a5 21. Rg1 Qe7 22. Bb1 Rd8 23. Rge1 Bc8 24. Qc2 Na6 25. Bf2 Nb4 26. Qe2 dxe5 27. fxe5 Rd7 28. g4 exd5 29. gxf5 d4 30. Bh4 Bf6 31. exf6 Qxe2 32. fxg6+ Kh8 33. Nxe2 Bb7 34. Nexd4 Nxf6 35. Bxf6+ Rxf6 36. Re8+ 1-0

[Event "GRE-ch 60th"]
[Site "Vrachati"]
[Date "2010.11.27"]
[Round "2"]
[White "Nikolaidis, Konstantinos"]
[Black "Koukoufikis, Alexandros"]
[Result "1-0"]
[WhiteElo "2308"]
[BlackElo "2278"]
[PlyCount "43"]
[EventDate "2010.11.26"]
[EventType "tourn"]
[EventRounds "9"]
[EventCountry "GRE"]
[EventCategory "7"]
[SourceTitle "CBM 139 Extra"]
[Source "ChessBase"]
[SourceDate "2011.01.05"]
[SourceVersion "1"]
[SourceVersionDate "2011.01.05"]
[SourceQuality "1"]

1. d4 g6 2. c4 Bg7 3. Nf3 d6 4. g3 Nf6 5. Nc3 0-0 6. Bg2 Nh5 7. e4 Nc6 8. h3 e5 9. Be3 Ne7 10. dxe5 dxe5 11. Bc5 Bd7 12. Qd2 b6 13. 0-0-0 bxc5 14. Qxd7 Qxd7 15. Rxd7 Nc6 16. Rxc7 Rac8 17. Nd5 Rxc7 18. Nxc7 Rd8 19. Nd5 Nf6 20. Ne1 Nxd5 21. cxd5 Nd4 22. b3 1-0

[Event "GRE-chT Div-A 38th"]
[Site "Peristeri"]
[Date "2010.07.08"]
[Round "4"]
[White "Ignatiadis, Konstantinos"]
[Black "Koukoufikis, Alexandros"]
[Result "1/2-1/2"]
[WhiteElo "2212"]
[BlackElo "2255"]
[PlyCount "153"]
[EventDate "2010.07.05"]
[EventType "team-swiss"]
[EventRounds "7"]
[EventCountry "GRE"]
[SourceTitle "CBM 137 Extra"]
[Source "ChessBase"]
[SourceDate "2010.09.01"]
[SourceVersion "1"]
[SourceVersionDate "2010.09.01"]
[SourceQuality "1"]

1. e4 d6 2. d4 g6 3. Be3 Bg7 4. Nc3 c6 5. Qd2 b5 6. a3 a6 7. f4 f5 8. e5 dxe5 9. dxe5 Qxd2+ 10. Bxd2 Bb7 11. Nf3 Nd7 12. Be3 Bh6 13. h4 c5 14. Kf2 Rc8 15. Rd1 e6 16. a4 b4 17. Nb1 Ne7 18. Nbd2 0-0 19. Nc4 Rcd8 20. Be2 Be4 21. Rd2 Nd5 22. g3 Rc8 23. Rhd1 Rc7 24. Ne1 Rb8 25. Nd3 Nc3 26. Ra1 Bd5 27. Nd6 Ne4+ 28. Nxe4 fxe4 29. Nc1 c4 30. Rd1 a5 31. Bg4 Rf8 32. Ke2 Rb8 33. Bd4 b3 34. c3 Nc5 35. Bxc5 Rxc5 36. Ke3 Kf7 37. Ne2 Bf8 38. Nd4 Rc7 39. Rd2 Bc5 40. Ke2 Ke7 41. Rad1 Rd8 42. Bh3 Rcd7 43. Ke3 Bc6 44. Bf1 Bd5 45. Be2 Rg8 46. Bf1 h6 47. Bh3 Rdd8 48. Bg2 g5 49. fxg5 hxg5 50. h5 g4 51. Bxe4 Rdf8 52. Bxd5 exd5 53. Rf2 Rxf2 54. Kxf2 Rg5 55. Rh1 Rxe5 56. h6 Bxd4+ 57. cxd4 Rf5+ 58. Ke3 Rf3+ 59. Ke2 Rf8 60. h7 Rh8 61. Kd2 Kf7 62. Rh5 Kg6 63. Rxd5 Rxh7 64. Kc3 Rh2 65. Kxc4 Rxb2 66. Rb5 Ra2 67. Rxb3 Rxa4+ 68. Kc5 Ra1 69. Rd3 a4 70. d5 Kf7 71. Kd6 a3 72. Rd4 Rg1 73. Rxg4 Ke8 74. Re4+ Kf7 75. Rf4+ Ke8 76. Re4+ Kf7 77. Rf4+ 1/2-1/2

[Event "GRE-chT Div-A 38th"]
[Site "Peristeri"]
[Date "2010.07.07"]
[Round "3"]
[White "Koukoufikis, Alexandros"]
[Black "Pappas, Mixalis"]
[Result "1-0"]
[WhiteElo "2255"]
[BlackElo "1992"]
[PlyCount "63"]
[EventDate "2010.07.05"]
[EventType "team-swiss"]
[EventRounds "7"]
[EventCountry "GRE"]
[SourceTitle "CBM 137 Extra"]
[Source "ChessBase"]
[SourceDate "2010.09.01"]
[SourceVersion "1"]
[SourceVersionDate "2010.09.01"]
[SourceQuality "1"]

1. e4 e6 2. b3 d5 3. Bb2 dxe4 4. Nc3 Nf6 5. g4 h6 6. Bg2 Bd7 7. Qe2 Be7 8. 0-0-0 Bc6 9. Kb1 Nbd7 10. Nxe4 Nxe4 11. Bxe4 Bf6 12. Bxc6 bxc6 13. d4 Nb6 14. Nf3 a5 15. h4 g6 16. Ne5 a4 17. Qf3 Bxe5 18. dxe5 Qe7 19. Qxc6+ Kf8 20. Bd4 Kg7 21. Bc5 Qe8 22. Qxe8 Rhxe8 23. Bxb6 cxb6 24. Rd6 axb3 25. cxb3 Ra5 26. Re1 b5 27. Rd7 Rc8 28. f4 Rc3 29. f5 Ra6 30. fxg6 Kxg6 31. Rf1 Rac6 32. Rfxf7 1-0

[Event "GRE-chT 37th"]
[Site "Kallithea"]
[Date "2009.07.06"]
[Round "6"]
[White "Bosiocic, Marin"]
[Black "Koukoufikis, Alexandros"]
[Result "1-0"]
[WhiteElo "2551"]
[BlackElo "2233"]
[PlyCount "67"]
[EventDate "2009.07.03"]
[EventType "tourn"]
[EventRounds "9"]
[EventCountry "GRE"]
[SourceTitle "CBM 131 Extra"]
[Source "ChessBase"]
[SourceDate "2009.09.03"]
[SourceVersion "2"]
[SourceVersionDate "2009.09.16"]
[SourceQuality "1"]

1. e4 g6 2. d4 Bg7 3. Nc3 d6 4. f4 c6 5. Nf3 Nd7 6. Bd3 b5 7. 0-0 Nh6 8. a4 b4 9. Ne2 f5 10. e5 d5 11. a5 e6 12. Bd2 Rb8 13. c4 bxc3 14. bxc3 0-0 15. Qa4 Qc7 16. Rfc1 Bb7 17. c4 c5 18. Ng5 Rfe8 19. cxd5 Bxd5 20. Bc4 Bxc4 21. Qxc4 Qc6 22. dxc5 Bf8 23. Nd4 Bxc5 24. Kh1 Qd5 25. Ngxe6 Qxc4 26. Rxc4 Bxd4 27. Nxd4 Ng4 28. h3 Rb2 29. Bc1 Ngxe5 30. fxe5 Nxe5 31. Bxb2 Nxc4 32. Bc3 Re3 33. Be1 Rd3 34. Nf3 1-0

[Event "Aigialias op 1st"]
[Site "Aigialias"]
[Date "2008.08.23"]
[Round "8"]
[White "Koukoufikis, Alexandros"]
[Black "Georgiadis, Ioannis"]
[Result "0-1"]
[WhiteElo "2252"]
[BlackElo "2373"]
[PlyCount "76"]
[EventDate "2008.08.18"]
[EventType "swiss"]
[EventRounds "9"]
[EventCountry "GRE"]
[SourceTitle "EXT 2009"]
[Source "ChessBase"]
[SourceDate "2008.11.26"]
[SourceVersion "1"]
[SourceVersionDate "2008.11.26"]
[SourceQuality "1"]

1. Nf3 Nf6 2. e3 g6 3. b4 Bg7 4. Bb2 0-0 5. c4 d6 6. Nc3 e5 7. d3 Re8 8. Qc2 a5 9. a3 axb4 10. axb4 Rxa1+ 11. Bxa1 Na6 12. b5 Nc5 13. Be2 Bf5 14. Nd2 e4 15. Ncxe4 Nfxe4 16. Bxg7 Nxd2 17. Bb2 Ncb3 18. Qc3 f6 19. Bd1 Nc5 20. Bc2 Bxd3 21. Bxd3 Nde4 22. Bxe4 Rxe4 23. 0-0 Qe7 24. Ra1 Kf7 25. Qc2 Rg4 26. Ra7 Qe6 27. h3 Rxc4 28. Qd2 Ra4 29. Rxa4 Nxa4 30. Bd4 b6 31. Qd1 Nc5 32. h4 h5 33. Qf3 Ne4 34. Qf4 Qf5 35. Qh6 Qxf2+ 36. Kh2 Qxh4+ 37. Kg1 Qf2+ 38. Kh2 Ng5 0-1

[Event "Aigialias op 1st"]
[Site "Aigialias"]
[Date "2008.08.19"]
[Round "2"]
[White "Koukoufikis, Alexandros"]
[Black "Athanasiou, Georgios"]
[Result "1/2-1/2"]
[WhiteElo "2252"]
[BlackElo "1884"]
[PlyCount "71"]
[EventDate "2008.08.18"]
[EventType "swiss"]
[EventRounds "9"]
[EventCountry "GRE"]
[SourceTitle "EXT 2009"]
[Source "ChessBase"]
[SourceDate "2008.11.26"]
[SourceVersion "1"]
[SourceVersionDate "2008.11.26"]
[SourceQuality "1"]

1. c4 g6 2. Nc3 Bg7 3. d4 Nf6 4. e4 d6 5. f4 0-0 6. Nf3 c5 7. d5 a6 8. a4 e6 9. Be2 exd5 10. cxd5 Re8 11. Nd2 Nbd7 12. 0-0 c4 13. h3 Nc5 14. Qc2 Bd7 15. a5 Bb5 16. Re1 Rc8 17. Bxc4 Bxc4 18. Nxc4 Nfxe4 19. Nxe4 Bd4+ 20. Be3 Rxe4 21. Bxd4 Rxd4 22. Nb6 Rc7 23. Qf2 Qf6 24. Re8+ Kg7 25. Rf1 Nd3 26. Qe3 Nxf4 27. Re4 Rxe4 28. Qxe4 g5 29. Rf2 Re7 30. Qf3 Qd4 31. Kh2 Re3 32. Qg4 Rxh3+ 33. Kg1 Rh1+ 34. Kxh1 Qxf2 35. Qxg5+ Ng6 36. Nc8 1/2-1/2

[Event "GRE-chT 36th"]
[Site "Kallithea"]
[Date "2008.07.10"]
[Round "7.8"]
[White "Koukoufikis, Alexandros"]
[Black "Postny, Evgeny"]
[Result "0-1"]
[WhiteElo "2252"]
[BlackElo "2661"]
[PlyCount "71"]
[EventDate "2008.07.06"]
[EventType "team-tourn"]
[EventRounds "7"]
[EventCountry "GRE"]
[SourceTitle "CBM 125 Extra"]
[Source "ChessBase"]
[SourceDate "2008.09.01"]
[SourceVersion "1"]
[SourceVersionDate "2008.09.01"]
[SourceQuality "1"]

1. e4 c5 2. Nc3 e6 3. g3 Nc6 4. Bg2 Nf6 5. d3 Be7 6. f4 d5 7. e5 Nd7 8. Nf3 a6 9. d4 b5 10. Ne2 a5 11. a4 bxa4 12. 0-0 Ba6 13. c3 Nb6 14. Kh1 g6 15. Re1 0-0 16. g4 Qc8 17. dxc5 Bxc5 18. Ned4 Nxd4 19. Nxd4 Rb8 20. Qf3 Nc4 21. f5 Re8 22. fxe6 fxe6 23. Bh6 Rb7 24. Rxa4 Nxb2 25. Rxa5 Rf7 26. Qg3 Bb6 27. Ra2 Nd3 28. Rf1 Nxe5 29. Rfa1 Bc4 30. Qxe5 Bxa2 31. Rxa2 Qxc3 32. Bxd5 Rf1+ 33. Kg2 Rg1+ 34. Kxg1 Bxd4+ 35. Kh1 Bxe5 36. Bxe6+ 0-1

[Event "GRE Cup 3rd pl"]
[Site "Kallithea"]
[Date "2008.07.04"]
[Round "2"]
[White "Koukoufikis, Alexandros"]
[Black "Moutousis, Konstantinos"]
[Result "0-1"]
[WhiteElo "2252"]
[BlackElo "2433"]
[PlyCount "90"]
[EventDate "2008.07.03"]
[EventType "team-tourn"]
[EventRounds "2"]
[EventCountry "GRE"]
[SourceTitle "CBM 125 Extra"]
[Source "ChessBase"]
[SourceDate "2008.09.01"]
[SourceVersion "1"]
[SourceVersionDate "2008.09.01"]
[SourceQuality "1"]

1. g3 e5 2. Bg2 f5 3. d3 Nf6 4. c3 Be7 5. e4 fxe4 6. dxe4 0-0 7. Be3 d6 8. h3 Qe8 9. Nd2 Kh8 10. Ngf3 Nh5 11. Qe2 Nc6 12. a4 a5 13. 0-0 Qg6 14. Kh2 Nd8 15. b4 b6 16. Rfb1 Ba6 17. Nc4 Qf7 18. Nfd2 Ne6 19. b5 Bb7 20. f3 Bg5 21. Bf2 Nf6 22. Rf1 h5 23. h4 Bh6 24. Bh3 g6 25. Bxb6 Nf4 26. gxf4 Bxf4+ 27. Kh1 cxb6 28. Nxd6 Qe7 29. N2c4 Rab8 30. Rad1 Ba8 31. Rg1 Kh7 32. Qg2 Rg8 33. Nxb6 Rxb6 34. Nc8 Qc7 35. Nxb6 Qxb6 36. Rd3 Qc7 37. Rgd1 Qc4 38. Rd8 Rxd8 39. Rxd8 Bxe4 40. fxe4 Qxc3 41. Rd1 Nxe4 42. Be6 Qe3 43. Rb1 Nf2+ 44. Kg1 Nd1+ 45. Kf1 Qd3+ 0-1